000 00279nam a22001337a 4500
008 210519b ||||| |||| 00| 0 eng d
041 _aeng
080 _a91
082 _a91
100 _a42
101 _aGJEO
245 _aThe story of the Earth
_cHouse,P
942 _2udc
_cBK
999 _c57453
_d57453